[Event "2nd League CS-East 2011"]
[Site "Pozarevac"]
[Date "2011.10.14"]
[Round "8.11"]
[White "Nikolic, Stanimir"]
[Black "Livaja, Mario"]
[Result "0-1"]
[WhiteElo "2277"]
[BlackElo "2228"]
[PlyCount "0"]
[EventDate "2011.09.11"]

1.d4 Nf6 2.Nf3 g6 3.Nc3 d5 4.h3 Bg7 5.Bf4 O-O 6.e3 b6 7.Be2 Bb7
8.O-O Nbd7 9.a4 a6 10.Re1 Rc8 11.Ne5 c5 12.Ra3 e6 13.Bf3 Qe7
14.Rb3 Rfd8 15.Qa1 h6 16.Bh2 Bf8 17.Ra3 Nxe5 18.Bxe5 Nd7 19.Bf4
Bg7 20.Rd1 g5 21.Bg3 cxd4 22.exd4 Rc4 23.Ne2 Rxc2 24.Rc3 Rc8
25.Qb1 R2xc3 26.bxc3 Qa3 27.h4 Qxa4 28.hxg5 hxg5 29.Bd6 Qc6 30.Be7
Bf6 31.Bxf6 Nxf6 32.Qc1 Nh7 33.g4 a5 34.Rd3 Ba6 35.Re3 Bxe2 36.Bxe2
Kg7 37.Rh3 f6 38.Kg2 e5 39.Qh1 Rh8 40.Bd3 e4 41.Be2 Qe6 42.Qh2
Qe7 43.Bb5 Qe6 44.Qc7+ Qf7 45.Qxb6 Nf8 46.Rxh8 Kxh8 47.Qxa5 Qe6
48.Be2 Ng6 49.Qa6 Qe7 50.Bb5 Kg7 51.Bc6 e3 52.Kf1 Nf4 53.fxe3
Qxe3 54.Bxd5 Nxd5 55.Qb7+ Ne7 56.d5 Kf8 57.d6 Qd3+ 58.Kg2 Qd5+
59.Qxd5 Nxd5 0-1

[Event "2nd League CS-East 2011"]
[Site "Pozarevac"]
[Date "2011.10.14"]
[Round "8.13"]
[White "Milunovic, Toni"]
[Black "Ristic, Milan"]
[Result "1/2-1/2"]
[WhiteElo "2283"]
[BlackElo "2113"]
[PlyCount "0"]
[EventDate "2011.09.11"]

1.d4 e6 2.Nf3 d5 3.c4 Nf6 4.Nc3 Be7 5.e3 O-O 6.Qc2 Nbd7 7.b3
c6 8.Bd3 b6 9.O-O Bb7 10.Bb2 Rc8 11.Qe2 c5 12.Rfd1 Qc7 13.Rac1
Qb8 14.cxd5 Nxd5 15.Nxd5 Bxd5 16.Ba6 Bb7 17.Bb5 Rfd8 18.Ba3 Bf8
19.h3 1/2-1/2

[Event "2nd League CS-East 2011"]
[Site "Pozarevac"]
[Date "2011.10.14"]
[Round "8.15"]
[White "Arsenijevic, Ivan"]
[Black "Djordjevic, Danilo"]
[Result "1-0"]
[WhiteElo "2180"]
[BlackElo "1947"]
[PlyCount "0"]
[EventDate "2011.09.11"]

1.d4 d5 2.Nf3 Nf6 3.c4 c6 4.Nc3 e6 5.cxd5 exd5 6.Bg5 Nbd7 7.e3
Bd6 8.Bd3 h6 9.Bh4 O-O 10.Qc2 Be7 11.O-O-O b5 12.Rdg1 b4 13.Na4
Bb7 14.Kb1 Rc8 15.Bf5 Ne4 16.Bxe7 Qxe7 17.Bxd7 Qxd7 18.Ne5 Qe7
19.Nc5 Nxc5 20.Qxc5 f6 21.Nd3 Qe4 22.Qc2 a5 23.Nc5 Qxc2+ 24.Kxc2
Rf7 25.Kd2 Ra8 26.Rc1 Bc8 27.Nb3 Bd7 28.Rc5 a4 29.Na5 b3 30.a3 1-0

[Event "2nd League CS-East 2011"]
[Site "Pozarevac"]
[Date "2011.10.14"]
[Round "8.21"]
[White "Radosavljevic, Slobodan D"]
[Black "Biljanic, Ljubomir"]
[Result "0-1"]
[WhiteElo "2248"]
[BlackElo "2297"]
[PlyCount "0"]
[EventDate "2011.09.11"]

1.e4 e5 2.Nf3 Nc6 3.Bb5 g6 4.c3 d6 5.d4 Bd7 6.O-O Bg7 7.Re1 Nge7
8.h3 O-O 9.Ba4 h6 10.dxe5 dxe5 11.Be3 Nc8 12.Bc5 Re8 13.Nbd2
Nb6 14.Bc2 Qf6 15.Qe2 Nd8 16.Nh2 h5 17.Qf3 Qg5 18.Qe3 Qf6 19.Qf3
Qc6 20.Be3 Ne6 21.h4 Nd4 22.Qd1 Nxc2 23.Qxc2 Nc4 24.Nxc4 Qxc4
25.Nf3 Bc6 26.Nd2 Qe6 27.f3 Bf6 28.Bf2 Kh7 29.Nf1 Rg8 30.Kh2
Qe7 31.g3 Bd7 32.Ne3 c6 33.Rad1 Rad8 34.Qa4 a6 35.Qa5 Be6 36.Ng2
Bc8 37.Qa4 b5 38.Qb3 Be6 39.Qc2 a5 40.b3 Qa3 41.Bb6 Rxd1 42.Rxd1
a4 43.Rb1 Rb8 44.Bf2 Rd8 45.Ne3 Be7 46.Rb2 axb3 47.axb3 Qd6 48.b4
Qd3 49.Qxd3 Rxd3 50.Rc2 f5 0-1

[Event "2nd League CS-East 2011"]
[Site "Pozarevac"]
[Date "2011.10.14"]
[Round "8.22"]
[White "Kajganovic, Miodrag"]
[Black "Komnenic, Branko"]
[Result "0-1"]
[WhiteElo "2270"]
[BlackElo "2298"]
[PlyCount "0"]
[EventDate "2011.09.11"]

1.d4 g6 2.e4 c6 3.Nf3 d5 4.Nc3 Bg7 5.Be2 Nh6 6.O-O O-O 7.h3 f6
8.Bf4 Nf7 9.e5 a5 10.Re1 Na6 11.Bxa6 Rxa6 12.Qe2 a4 13.Nd1 Qb6
14.c4 fxe5 15.dxe5 d4 16.Qd2 c5 17.Ng5 Nxg5 18.Bxg5 Rf7 19.f4
Be6 20.Rc1 Ra8 21.Rf1 Raf8 22.Rf2 Qa6 23.b4 axb3 24.axb3 b6 25.Rc2
Qb7 26.Rb2 Qe4 27.Re2 Qc6 28.Rf2 Bc8 29.b4 Bb7 30.bxc5 bxc5 31.Qc1
e6 32.Qb1 Qc8 33.Rb6 Bc6 34.Qc1 Rf5 35.Be7 Re8 36.Bxc5 Bxg2 37.Bd6
Ba8 38.c5 Bc6 39.Qa1 g5 40.fxg5 Rxg5+ 41.Kf1 Qa8 42.Qxd4 Bg2+
43.Ke1 Bxh3 44.c6 Qa5+ 45.Qb4 Rg1+ 46.Ke2 Bg4+ 47.Ke3 Bh6+ 48.Rf4
Qa2 49.Nb2 Qd5 50.Nd3 Qf3+ 0-1

[Event "2nd League CS-East 2011"]
[Site "Pozarevac"]
[Date "2011.10.14"]
[Round "8.23"]
[White "Popovic, Djordje D"]
[Black "Pantic, Milivoje"]
[Result "1/2-1/2"]
[WhiteElo "2261"]
[BlackElo "2149"]
[PlyCount "0"]
[EventDate "2011.09.11"]

1.e4 e5 2.Nf3 Nc6 3.Bb5 Nf6 4.d3 Bc5 5.O-O Nd4 6.Nxd4 Bxd4 7.c3
Bb6 8.Nd2 c6 9.Ba4 d6 10.h3 O-O 11.Nf3 h6 12.Re1 Re8 13.Bb3 Be6
14.Be3 Bxb3 15.Qxb3 Bxe3 16.Rxe3 Qb6 17.Qxb6 axb6 1/2-1/2

[Event "2nd League CS-East 2011"]
[Site "Pozarevac"]
[Date "2011.10.14"]
[Round "8.24"]
[White "Vulicevic, Bratimir"]
[Black "Stefanovic, Vladimir"]
[Result "1/2-1/2"]
[WhiteElo "2146"]
[BlackElo "2204"]
[PlyCount "0"]
[EventDate "2011.09.11"]

1.d4 Nf6 2.Nf3 g6 3.g3 Bg7 4.Bg2 c5 5.c3 Qc7 6.O-O O-O 7.Re1
d5 8.Nbd2 cxd4 9.cxd4 Bf5 10.e3 Nc6 11.a3 Rfc8 12.Nh4 Bg4 13.Bf3
Bxf3 14.Nhxf3 a5 15.b3 Qd6 16.Bb2 Rc7 17.Qe2 Rac8 18.Rec1 h5
19.Kg2 Qe6 1/2-1/2

[Event "2nd League CS-East 2011"]
[Site "Pozarevac"]
[Date "2011.10.14"]
[Round "8.25"]
[White "Illijin, Neboisa"]
[Black "Radosavljevic, Novica"]
[Result "1-0"]
[WhiteElo "2174"]
[BlackElo "2119"]
[PlyCount "0"]
[EventDate "2011.09.11"]

1.e4 e5 2.Nf3 d6 3.d4 Nf6 4.Nc3 Nbd7 5.Bc4 Be7 6.O-O O-O 7.a4
c6 8.Bb3 b6 9.Re1 a6 10.h3 Bb7 11.Bg5 Ne8 12.Bxe7 Qxe7 13.Qd2
Ndf6 14.Rad1 Nd7 15.Ne2 Qf6 16.Ng3 g6 17.c3 Kg7 18.dxe5 Nxe5
19.Nd4 Kg8 20.f4 Nd7 21.Nf3 Nc5 22.Bc2 Rd8 23.e5 Qg7 24.f5 d5
25.b4 Nd7 1-0

[Event "2nd League CS-East 2011"]
[Site "Pozarevac"]
[Date "2011.10.14"]
[Round "8.31"]
[White "Dinic, Dragan"]
[Black "Jovic, Stanoje"]
[Result "1/2-1/2"]
[WhiteElo "2290"]
[BlackElo "2334"]
[PlyCount "0"]
[EventDate "2011.09.11"]

1.e4 c6 2.Nc3 d5 3.Qe2 dxe4 4.Nxe4 Nf6 5.d3 Bf5 6.Nxf6+ gxf6
7.Nf3 Na6 8.g3 e5 9.Bg2 Bb4+ 10.Bd2 Bxd2+ 11.Nxd2 Qd7 12.Ne4
Bxe4 13.Qxe4 O-O-O 14.O-O h5 15.b4 Qg4 16.Rab1 Qxe4 17.Bxe4 h4
18.b5 cxb5 19.Rxb5 b6 20.a4 Nc5 21.Bf5+ Kc7 22.a5 Nb7 23.axb6+
axb6 24.Rb4 Nd6 25.Bg4 Ra8 26.Rfb1 b5 27.Bf3 Ra2 28.Rc1 hxg3
29.hxg3 Kb6 30.Rh4 Rc8 31.c4 bxc4 32.dxc4 Nf5 33.c5+ Rxc5 34.Rb4+
Ka5 35.Rxc5+ Kxb4 36.Rc6 Nd4 37.Rxf6 Nxf3+ 38.Rxf3 Ra7 39.Rd3
Kc4 40.Rd8 e4 41.Kf1 f5 42.Rd6 Ra1+ 43.Ke2 Ra2+ 44.Kf1 1/2-1/2

[Event "2nd League CS-East 2011"]
[Site "Pozarevac"]
[Date "2011.10.14"]
[Round "8.32"]
[White "Stankovic, Ivan G"]
[Black "Vebel, Goran"]
[Result "0-1"]
[WhiteElo "2201"]
[BlackElo "2104"]
[PlyCount "0"]
[EventDate "2011.09.11"]

1.e4 c5 2.c4 Nc6 3.Nc3 Nf6 4.g3 g6 5.Bg2 Bg7 6.d3 O-O 7.Nge2
d6 8.h3 a6 9.O-O Rb8 10.a4 Ne8 11.Be3 Nd4 12.Rb1 a5 13.f4 Nc7
14.b3 Nce6 15.f5 Nxe2+ 16.Nxe2 Nd4 17.Nxd4 cxd4 18.Bg5 h6 19.Bd2
Bd7 20.g4 Qb6 21.Qe1 Ra8 22.g5 h5 23.f6 exf6 24.gxf6 Bh8 25.Qh4
Qc5 26.Bf3 Rfe8 27.Kh1 Re6 28.Be2 Qe5 29.Bg4 hxg4 30.Bg5 Rc8
31.Qxg4 Rc5 32.h4 Bc8 33.Qf3 Re8 34.Rg1 Qe6 35.Rg3 b6 36.Rf1
Bb7 37.Rg4 Rf5 38.Bf4 Bxf6 39.Qg3 Be5 40.Rg5 Bxf4 41.Rxf4 Rxf4
42.Qxf4 Qh3+ 43.Kg1 Qxd3 44.h5 Rxe4 0-1

[Event "2nd League CS-East 2011"]
[Site "Pozarevac"]
[Date "2011.10.14"]
[Round "8.33"]
[White "Mijovic, Cedomir"]
[Black "Krstic, Ranko"]
[Result "1-0"]
[WhiteElo "1961"]
[BlackElo "2231"]
[PlyCount "0"]
[EventDate "2011.09.11"]

1.d4 Nf6 2.c4 c5 3.e3 cxd4 4.exd4 d5 5.Nf3 Nc6 6.Nc3 e6 7.Bd3
Be7 8.O-O a6 9.c5 O-O 10.Na4 Nd7 11.Re1 Bf6 12.Bf4 Re8 13.Ne5
Ncxe5 14.dxe5 Bg5 15.Bg3 Nf8 16.Nb6 Rb8 17.b4 Nd7 18.Nxd7 Bxd7
19.f4 Be7 20.Rc1 Rc8 21.Bf2 g6 22.Bd4 Bf8 23.Qe2 Bc6 24.Ra1 Qd7
25.a3 Ba4 26.h4 Red8 27.h5 Bb5 28.hxg6 fxg6 29.g3 Bxd3 30.Qxd3
Qf7 31.Kg2 Qf5 32.Qxf5 gxf5 33.Kf3 Rd7 34.Rg1 Rg7 35.Rac1 Kf7
36.Rc3 Be7 37.Rh1 Rcg8 38.Rh3 h5 39.c6 bxc6 40.Rxc6 h4 41.gxh4
a5 42.bxa5 Bxa3 43.h5 Rb8 44.Bb6 Ra8 45.h6 Rh7 46.Rg3 Rxh6 47.Rc7+
Kf8 48.Rgg7 Bb4 49.Ke2 Rh8 50.Rgf7+ Kg8 51.Ra7 Rh2+ 52.Kf3 Rh3+
53.Kg2 Ra3 54.Rg7+ Kh8 55.Rxa8+ Kxg7 56.a6 Bd2 57.a7 Bxf4 58.Bd4
Kh7 59.Re8 Bxe5 60.Re7+ Kg6 61.Bxe5 f4 62.Bd4 Kf5 63.Bc5 Ra5
64.Re8 Rxc5 65.a8Q e5 66.Qb8 d4 67.Qb1+ 1-0

[Event "2nd League CS-East 2011"]
[Site "Pozarevac"]
[Date "2011.10.14"]
[Round "8.34"]
[White "Zivkovic, Nemanja"]
[Black "Stanojlovic, Vladimir"]
[Result "1/2-1/2"]
[WhiteElo "2173"]
[BlackElo "2110"]
[PlyCount "0"]
[EventDate "2011.09.11"]

1.e4 c5 2.Nf3 Nc6 3.Bb5 d6 4.O-O g6 5.h3 Bd7 6.Re1 Bg7 7.c3 Qb6
8.Bf1 e5 9.Na3 Nge7 10.Qb3 Qxb3 11.axb3 Be6 12.Bc4 Bxc4 13.Nxc4
Kd7 14.d3 h6 15.Nfd2 Kc7 16.Nf1 a5 1/2-1/2

[Event "2nd League CS-East 2011"]
[Site "Pozarevac"]
[Date "2011.10.14"]
[Round "8.35"]
[White "Milosavljevic, Milica"]
[Black "Trickovic, Vladimir"]
[Result "0-1"]
[WhiteElo "1896"]
[BlackElo "2123"]
[PlyCount "0"]
[EventDate "2011.09.11"]

1.c4 Nf6 2.Nc3 e5 3.g3 d6 4.Bg2 c6 5.e4 Nbd7 6.Nge2 Be7 7.O-O
Nb6 8.d3 O-O 9.f4 Ng4 10.h3 Nf6 11.Be3 Re8 12.Qd2 Bf8 13.Rf2
exf4 14.Nxf4 Be6 15.Raf1 Rc8 16.Bd4 Be7 17.b3 Bd7 18.Qd1 Be6
19.Nxe6 fxe6 20.e5 dxe5 21.Bxe5 Nbd7 22.Bd4 Nc5 23.Bxf6 Bxf6
24.Rxf6 gxf6 25.d4 Nd7 26.Ne4 Qe7 27.Qg4+ Kh8 28.Qf4 e5 29.dxe5
fxe5 30.Qh6 Rf8 31.Rd1 Nf6 32.Nd6 Rcd8 33.Bf3 Rxd6 34.Rf1 Qg7 0-1

[Event "2nd League CS-East 2011"]
[Site "Pozarevac"]
[Date "2011.10.14"]
[Round "8.37"]
[White "Milenkovic, Jovica"]
[Black "Dimitrijevic, Stefan"]
[Result "1-0"]
[WhiteElo "2184"]
[BlackElo "1776"]
[PlyCount "0"]
[EventDate "2011.09.11"]

1.d4 g6 2.Nf3 Bg7 3.Nc3 d5 4.Bf4 Nf6 5.h3 O-O 6.e3 b6 7.Be2 Bb7
8.O-O Nbd7 9.Ne5 c5 10.Bf3 cxd4 11.exd4 Ne4 12.Nxd7 Nxc3 13.Qd2
Qxd7 14.Qxc3 Rac8 15.Qd2 Qa4 16.c3 b5 17.a3 a5 18.Rfe1 Rfe8 19.Bg4
e6 20.Bd6 Qc4 21.Bc5 Rxc5 22.Be2 Qa4 23.dxc5 Rc8 24.b4 axb4 25.axb4
Qb3 26.Reb1 Qxc3 27.Qxc3 Bxc3 28.Ra3 d4 29.Rxc3 dxc3 30.Rc1 Bc6
31.Rxc3 Rd8 32.Ra3 Rd2 33.Bf3 Bxf3 34.gxf3 Rd4 35.Rc3 1-0

[Event "2nd League CS-East 2011"]
[Site "Pozarevac"]
[Date "2011.10.14"]
[Round "8.41"]
[White "Devetak, Dusan"]
[Black "Petkov, Vladimir"]
[Result "0-1"]
[WhiteElo "2204"]
[BlackElo "2511"]
[PlyCount "0"]
[EventDate "2011.09.11"]

1.e4 e5 2.Nf3 Nc6 3.d4 exd4 4.Nxd4 Nf6 5.Nxc6 bxc6 6.e5 Qe7 7.Qe2
Nd5 8.c4 Nb6 9.Nd2 Qe6 10.b3 a5 11.a4 Bb4 12.Bb2 O-O 13.O-O-O
d5 14.exd6 cxd6 15.Qd3 Qg6 16.Qxg6 hxg6 17.Bd3 Re8 18.Rhe1 Be6
19.Kc2 d5 20.Bc3 Bxc3 21.Kxc3 Rab8 22.Re2 Red8 23.Rde1 dxc4 24.Bxc4
Bf5 25.Ne4 Nd5+ 26.Bxd5 cxd5 27.Nd2 Rdc8+ 28.Kb2 Bd3 29.Nf3 Bxe2
30.Rxe2 Rb4 31.Rd2 Rcb8 32.Nd4 Rxa4 33.Nc6 Rb5 34.Ne7+ Kf8 35.Nxd5
Rh4 36.h3 Rb8 37.Rc2 Rd4 38.Rc5 a4 39.Kc3 Rd1 40.bxa4 Ra1 41.a5
Ra3+ 42.Kd4 Ra4+ 43.Ke3 Ra8 44.Ke2 R4xa5 0-1

[Event "2nd League CS-East 2011"]
[Site "Pozarevac"]
[Date "2011.10.14"]
[Round "8.42"]
[White "Paunovic, Tomislav"]
[Black "Dodic, Dragan"]
[Result "1-0"]
[WhiteElo "2349"]
[BlackElo "2136"]
[PlyCount "0"]
[EventDate "2011.09.11"]

1.d4 d5 2.c4 c6 3.Nf3 Nf6 4.e3 e6 5.Bd3 Nbd7 6.O-O dxc4 7.Bxc4
b5 8.Bd3 a6 9.a4 Bb7 10.e4 Qb6 11.Qe2 Be7 12.Nc3 O-O 13.e5 Nd5
14.Ne4 Rfe8 15.Rd1 bxa4 16.Nfg5 Bxg5 17.Nxg5 f5 18.exf6 N7xf6
19.Rxa4 c5 20.Qc2 h6 21.dxc5 Qc6 22.Nf3 e5 23.Bg6 Re7 24.Qc4
Kh8 25.Ra3 Rf8 26.Bb1 g5 27.b4 Rfe8 28.Ne1 Re6 29.Rad3 e4 30.Rh3
Kg7 31.Ba2 R8e7 32.Nc2 Re5 33.Bb3 Qd7 34.Nd4 1-0

[Event "2nd League CS-East 2011"]
[Site "Pozarevac"]
[Date "2011.10.14"]
[Round "8.43"]
[White "Vlajic, Sasa"]
[Black "Manic, Jovica"]
[Result "1/2-1/2"]
[WhiteElo "2182"]
[BlackElo "2238"]
[PlyCount "0"]
[EventDate "2011.09.11"]

1.Nf3 Nf6 2.g3 b5 3.Bg2 Bb7 4.O-O e6 5.b3 c5 6.Bb2 Qb6 7.d3 Be7
8.Nbd2 d5 9.e3 O-O 10.Ne5 Nfd7 11.Nxd7 Nxd7 12.Qe2 f5 13.f4 Rac8
14.c4 Bf6 15.Bxf6 Nxf6 16.h3 a6 17.g4 dxc4 18.dxc4 Rcd8 19.g5
Ne4 20.Nxe4 fxe4 21.Rad1 b4 22.Rxd8 Qxd8 23.Rd1 a5 1/2-1/2

[Event "2nd League CS-East 2011"]
[Site "Pozarevac"]
[Date "2011.10.14"]
[Round "8.44"]
[White "Todorovic, Bojan"]
[Black "Tosic, Branislav"]
[Result "1/2-1/2"]
[WhiteElo "2288"]
[BlackElo "2244"]
[PlyCount "0"]
[EventDate "2011.09.11"]

1.d4 d6 2.c4 e5 3.Nf3 exd4 4.Nxd4 Nf6 5.Nc3 g6 6.g3 Bg7 7.Bg2
O-O 8.O-O Nbd7 9.e4 Re8 10.Re1 Ne5 11.b3 Bd7 12.h3 a6 13.Be3
h5 14.Rc1 Rb8 15.f4 Nc6 16.Bf2 Qc8 17.Nxc6 bxc6 18.Kh2 c5 19.e5
dxe5 20.Rxe5 Be6 21.Rxc5 h4 22.g4 Bxg4 23.hxg4 Nxg4+ 24.Kg1 h3
25.Bxh3 Nxf2 26.Bxc8 Nxd1 27.Rxd1 Rbxc8 28.Nd5 c6 29.Nb6 Rc7
30.Nd5 Rcc8 31.Nb6 1/2-1/2

[Event "2nd League CS-East 2011"]
[Site "Pozarevac"]
[Date "2011.10.14"]
[Round "8.45"]
[White "Floricelovic, Milos"]
[Black "Nikolic, Boban"]
[Result "0-1"]
[WhiteElo "2067"]
[BlackElo "2215"]
[PlyCount "0"]
[EventDate "2011.09.11"]

1.e4 d6 2.d4 Nf6 3.Nc3 g6 4.f3 c6 5.Be3 Qb6 6.Qc1 Bg7 7.Bd3 O-O
8.Nge2 Nbd7 9.O-O Re8 10.e5 Nd5 11.Nxd5 cxd5 12.f4 f6 13.f5 gxf5
14.Bxf5 Nf8 15.Bd3 Bg4 16.c3 dxe5 17.dxe5 Qd8 18.exf6 Bxf6 19.Nd4
e5 20.Nf5 Kh8 21.Nh6 Be6 22.Bf5 Qe7 23.Qd2 Rad8 24.Bxe6 Nxe6
25.Rf5 d4 26.Raf1 dxe3 27.Qxe3 Nf4 28.g3 Qg7 29.R5xf4 exf4 30.Qxf4
Rf8 31.Nf5 Qg5 32.Qc4 Qd2 33.Rf2 Qd1+ 34.Rf1 Qd5 35.Qb4 a5 36.Qb6
Rde8 37.Ne3 Qc6 0-1

[Event "2nd League CS-East 2011"]
[Site "Pozarevac"]
[Date "2011.10.14"]
[Round "8.46"]
[White "Ignjatovic, Miroslav K"]
[Black "Vukas, Radenko"]
[Result "1/2-1/2"]
[WhiteElo "2156"]
[BlackElo "2170"]
[PlyCount "0"]
[EventDate "2011.09.11"]

1.d4 Nf6 2.c4 c6 3.Nc3 d5 4.cxd5 cxd5 5.Bf4 Bd7 6.Qb3 Bc6 7.Nf3
Nbd7 8.e3 e6 9.Rc1 Be7 10.h3 Qa5 11.Bd3 Nh5 12.Bh2 f5 13.O-O
O-O 1/2-1/2

[Event "2nd League CS-East 2011"]
[Site "Pozarevac"]
[Date "2011.10.14"]
[Round "8.47"]
[White "Dragic, Vladimir"]
[Black "Tonic, Milos"]
[Result "1/2-1/2"]
[WhiteElo "2161"]
[BlackElo "1974"]
[PlyCount "0"]
[EventDate "2011.09.11"]

1.e4 Nf6 2.e5 Nd5 3.c4 Nb6 4.c5 Nd5 5.Nc3 Nxc3 6.bxc3 d6 7.cxd6
cxd6 8.Nf3 g6 9.Bc4 d5 10.Be2 Bg7 11.O-O O-O 12.d4 Nc6 13.Rb1
Qc7 14.Bd3 1/2-1/2

[Event "2nd League CS-East 2011"]
[Site "Pozarevac"]
[Date "2011.10.14"]
[Round "8.51"]
[White "Pavlovic, Dean"]
[Black "Petkovic, Dragoslav"]
[Result "1/2-1/2"]
[WhiteElo "2287"]
[BlackElo "2194"]
[PlyCount "0"]
[EventDate "2011.09.11"]

1.c4 e5 2.Nc3 d6 3.g3 g6 4.Bg2 Bg7 5.e3 f5 6.Nge2 Nf6 7.d3 Nbd7
8.b4 O-O 9.a4 Kh8 10.a5 Rb8 11.O-O Ne8 1/2-1/2

[Event "2nd League CS-East 2011"]
[Site "Pozarevac"]
[Date "2011.10.14"]
[Round "8.52"]
[White "Puzic, Slobodan"]
[Black "Panic, Milan"]
[Result "0-1"]
[WhiteElo "2138"]
[BlackElo "2265"]
[PlyCount "0"]
[EventDate "2011.09.11"]

1.d4 Nf6 2.c4 c5 3.d5 b5 4.cxb5 a6 5.b6 Bb7 6.Nc3 e6 7.e4 exd5
8.exd5 d6 9.a4 a5 10.Bb5+ Nbd7 11.Nf3 Be7 12.O-O O-O 13.b3 Nxb6
14.Bc4 Ne8 15.Bb2 Bf6 16.Qd2 Nc7 17.Rad1 Qd7 18.Rfe1 Rfe8 19.Rxe8+
Rxe8 20.Nb5 Bxb2 21.Qxb2 Ncxd5 22.Qd2 h6 23.Qxa5 Nxc4 24.bxc4
Nf4 25.Re1 Ne2+ 26.Kh1 Bxf3 27.gxf3 0-1

[Event "2nd League CS-East 2011"]
[Site "Pozarevac"]
[Date "2011.10.14"]
[Round "8.54"]
[White "Nikolic, Vojislav B"]
[Black "Rajkovic, Branislav"]
[Result "0-1"]
[WhiteElo "1962"]
[BlackElo "2172"]
[PlyCount "0"]
[EventDate "2011.09.11"]

1.e4 c5 2.Nf3 d6 3.d4 cxd4 4.Nxd4 Nf6 5.Bb5+ Bd7 6.Bxd7+ Nbxd7
7.Nc3 g6 8.O-O Bg7 9.Kh1 O-O 10.f3 Rc8 11.Nce2 d5 12.exd5 Nb6
13.Nc3 Nbxd5 14.Nxd5 Nxd5 15.Ne2 Nb4 16.Qxd8 Rfxd8 17.c3 Nd3
18.Rb1 Rd6 19.Ng3 Rb6 20.Ne2 Bxc3 21.Nxc3 Rxc3 22.b3 Nxc1 23.Rfxc1
Rxc1+ 24.Rxc1 Rc6 25.Rb1 e5 26.h3 Kf8 27.Rb2 Ke7 28.Kg1 f5 29.Kf2
h5 30.Re2 Ke6 31.Rd2 b6 32.g3 Rc3 33.Ke2 e4 34.fxe4 fxe4 35.Rd4
Rxg3 36.Rxe4+ Kf5 37.Re7 Rg2+ 38.Kf3 Rxa2 39.h4 Rb2 40.Rf7+ Ke6
41.Rxa7 Rxb3+ 42.Kf4 Rb4+ 43.Kg5 Rg4+ 44.Kh6 Kd5 45.Rg7 b5 46.Rc7
b4 47.Kg7 b3 48.Kf6 0-1

[Event "2nd League CS-East 2011"]
[Site "Pozarevac"]
[Date "2011.10.14"]
[Round "8.62"]
[White "Nestorovic, Lazar"]
[Black "Garic, Radomir"]
[Result "1-0"]
[WhiteElo "2397"]
[BlackElo "2265"]
[PlyCount "0"]
[EventDate "2011.09.11"]

1.e4 Nc6 2.Nf3 d6 3.d4 Nf6 4.Nc3 Bg4 5.Be2 e6 6.d5 exd5 7.exd5
Bxf3 8.Bxf3 Ne5 9.Be2 Be7 10.g4 Nfd7 11.Be3 O-O 12.Qd2 a5 13.O-O-O
Nc5 14.f4 Ned7 15.h4 Re8 16.g5 f5 17.Bh5 g6 18.Bf3 Bf8 19.Bd4
h5 20.gxh6 Bxh6 21.Rdg1 Ne5 22.Be2 Kh7 23.Rg5 Nf7 24.h5 Nxg5
25.hxg6+ Kxg6 26.Bh5+ Kh7 27.Bxe8 Nh3 28.Qg2 Qxe8 29.Qxh3 Qf8
30.Rg1 Re8 1-0

[Event "2nd League CS-East 2011"]
[Site "Pozarevac"]
[Date "2011.10.14"]
[Round "8.63"]
[White "Zivanovic, Nenad"]
[Black "Trickovic, Borivoje"]
[Result "0-1"]
[WhiteElo "2185"]
[BlackElo "2211"]
[PlyCount "0"]
[EventDate "2011.09.11"]

1.e4 g6 2.d4 Bg7 3.Nc3 d6 4.Be3 c6 5.Qd2 Nf6 6.f3 b5 7.a3 a6
8.Nge2 Qc7 9.Ng3 h5 10.h4 Nbd7 11.Be2 Nb6 12.b3 Bb7 13.a4 b4
14.Na2 c5 15.O-O Nbd7 16.d5 Nh7 17.c3 bxc3 18.Nxc3 Bf6 19.Bg5
Nxg5 20.hxg5 Bd4+ 21.Kh2 Qa5 22.Rfc1 Rb8 23.Bf1 Bc8 24.Rab1 Ne5
25.Nge2 Bf2 26.Nf4 Ng4+ 27.fxg4 hxg4+ 28.Nh3 Bd4 29.Qd3 Be5+
30.Kg1 gxh3 31.gxh3 Rh5 32.Ne2 Rxg5+ 33.Bg2 Qb6 34.Kf1 a5 35.Qb5+
Qxb5 36.axb5 Rxb5 37.Kf2 Rb4 38.Rh1 Rh5 39.h4 Bf6 40.Kg3 Be5+
41.Kf2 f5 42.Bf3 Rh8 43.Ng3 Bxg3+ 44.Kxg3 fxe4 45.Be2 Bd7 46.Kf4
Rd4 47.Kg5 Kf7 48.Rhd1 Kg7 49.h5 Rf8 50.hxg6 Rf5+ 51.Kh4 Rf2
52.Bh5 Rh2+ 53.Kg5 e3 54.Rxd4 cxd4 55.Rf1 Rg2+ 56.Kh4 Be8 57.Rf4
Bxg6 0-1

[Event "2nd League CS-East 2011"]
[Site "Pozarevac"]
[Date "2011.10.14"]
[Round "8.64"]
[White "Mincic, Srbislav"]
[Black "Madjar, Stanislav"]
[Result "1-0"]
[WhiteElo "2288"]
[BlackElo "2173"]
[PlyCount "0"]
[EventDate "2011.09.11"]

1.e4 Nf6 2.Nc3 d5 3.e5 Ne4 4.Nf3 Nxc3 5.dxc3 c5 6.c4 d4 7.Bd3
Nc6 8.O-O g6 9.Bf4 Bg7 10.Re1 Bg4 11.h3 Bxf3 12.Qxf3 e6 13.Be4
Rc8 14.c3 dxc3 15.Qxc3 O-O 16.Rad1 Qc7 17.Bxc6 Qxc6 18.Qa5 b6
19.Qa6 Qc7 20.Rd6 Rfd8 21.Red1 Rxd6 22.exd6 Qd7 23.Qxc8+ Qxc8
24.d7 Qd8 25.Bc7 Bf6 26.Bxd8 Bxd8 27.Kf1 Kf8 28.Ke2 Ke7 29.Rd3
Bc7 30.Kd2 Kd8 31.Kc2 Be5 32.f4 Bd4 33.Ra3 1-0

[Event "2nd League CS-East 2011"]
[Site "Pozarevac"]
[Date "2011.10.14"]
[Round "8.65"]
[White "Ilic, Aleksandar"]
[Black "Petrov, Georgi"]
[Result "0-1"]
[WhiteElo "2138"]
[BlackElo "2231"]
[PlyCount "0"]
[EventDate "2011.09.11"]

1.e4 c5 2.Nf3 Nc6 3.d4 cxd4 4.Nxd4 Nf6 5.Nc3 Qb6 6.Nb3 e6 7.Be3
Qc7 8.a3 a6 9.g4 d6 10.g5 Nd7 11.h4 Nce5 12.f4 Nc4 13.Bxc4 Qxc4
14.Qd4 Qxd4 15.Bxd4 b6 16.f5 Bb7 17.Rf1 Nc5 18.Nd2 Rc8 19.O-O-O
e5 20.Bg1 b5 21.Rf3 Be7 22.Bf2 f6 23.Rg1 Kf7 24.Bxc5 dxc5 25.Nd5
Bxd5 26.exd5 Rcd8 27.g6+ hxg6 28.fxg6+ Kg8 29.Rg4 Rxd5 30.Ne4
Kf8 31.Rf5 Ke8 32.h5 Kd7 33.c4 bxc4 34.Nxf6+ Bxf6 35.Rxf6 gxf6
36.g7 Rg8 37.h6 Ke6 38.h7 Rdd8 39.hxg8Q+ Rxg8 40.Rxc4 Rxg7 41.Rxc5
Rd7 42.b4 f5 43.a4 e4 0-1

[Event "2nd League CS-East 2011"]
[Site "Pozarevac"]
[Date "2011.10.14"]
[Round "8.6.6"]
[White "Kostic, Stefan"]
[Black "Djukic, Slobodan D"]
[Result "0-1"]
[WhiteElo "1950"]
[BlackElo "2176"]
[PlyCount "0"]
[EventDate "2011.09.11"]

1.e4 c5 2.f4 Nc6 3.Nf3 g6 4.Bb5 Bg7 5.Bxc6 bxc6 6.c3 Nf6 7.d3
O-O 8.O-O d6 9.h3 Rb8 10.Na3 Nd7 11.g4 e6 12.Rf2 d5 13.e5 f6
14.exf6 Bxf6 15.Qe1 Re8 16.g5 Bg7 17.h4 e5 18.Qf1 e4 19.dxe4
dxe4 20.Qc4+ Kh8 21.Nh2 e3 22.Re2 Nb6 23.Qb3 c4 24.Nxc4 Be6 25.Qc2
Nxc4 26.Nf1 Bf5 27.Qa4 Qd3 28.Ng3 Bg4 29.Rg2 Bf3 30.Rh2 e2 31.Nxe2
Bxe2 32.Qxc6 Bf3 33.Qc5 Re1+ 34.Kf2 Rbe8 1-0